<?xml version="1.0" encoding="UTF-8"?>
<record
    xmlns:xsi="http://www.w3.org/2001/XMLSchema-instance"
    xsi:schemaLocation="http://www.loc.gov/MARC21/slim http://www.loc.gov/standards/marcxml/schema/MARC21slim.xsd"
    xmlns="http://www.loc.gov/MARC21/slim">

  <leader>02278nam a2200241 a 4500</leader>
  <controlfield tag="001">000027305</controlfield>
  <controlfield tag="003">OSt</controlfield>
  <controlfield tag="005">20240409180111.0</controlfield>
  <controlfield tag="008">110331s1939    dr            000 0 spa d</controlfield>
  <datafield tag="040" ind1=" " ind2=" ">
    <subfield code="a">DO-SdBNP</subfield>
    <subfield code="b">spa</subfield>
    <subfield code="c">BNPHU</subfield>
  </datafield>
  <datafield tag="049" ind1=" " ind2=" ">
    <subfield code="a">BNPD</subfield>
  </datafield>
  <datafield tag="082" ind1="7" ind2="4">
    <subfield code="a">972.9304</subfield>
    <subfield code="b">R696g</subfield>
    <subfield code="2">22</subfield>
  </datafield>
  <datafield tag="100" ind1="1" ind2=" ">
    <subfield code="a">Rodr&#xED;guez Obj&#xED;o, Manuel,</subfield>
    <subfield code="d">1838-1871</subfield>
    <subfield code="9">887</subfield>
  </datafield>
  <datafield tag="245" ind1="1" ind2="0">
    <subfield code="a">Gregorio Luper&#xF3;n e historia de la Restauraci&#xF3;n /</subfield>
    <subfield code="c">Manuel Rodr&#xED;guez Obj&#xED;o.</subfield>
  </datafield>
  <datafield tag="260" ind1=" " ind2=" ">
    <subfield code="a">Santiago, Rep&#xFA;blica Dominicana :</subfield>
    <subfield code="b">El Diario,</subfield>
    <subfield code="c">1939.</subfield>
  </datafield>
  <datafield tag="300" ind1=" " ind2=" ">
    <subfield code="a">2 v. ;</subfield>
    <subfield code="c">22 cm.</subfield>
  </datafield>
  <datafield tag="505" ind1="2" ind2=" ">
    <subfield code="g">v.1.</subfield>
    <subfield code="t">Nota biogr&#xE1;fica /</subfield>
    <subfield code="r">Luis E. Alemar --</subfield>
    <subfield code="t">Dos cartas --</subfield>
    <subfield code="t">Pr&#xF3;logo /</subfield>
    <subfield code="r">Manuel R. Obj&#xED;o --</subfield>
    <subfield code="t">Introducci&#xF3;n --</subfield>
    <subfield code="g">Cap&#xED;tulo primero.</subfield>
    <subfield code="t">Antes de 1863 --</subfield>
    <subfield code="g">Cap&#xED;tulo segundo.</subfield>
    <subfield code="t">Primer episodio de la Restauraci&#xF3;n --</subfield>
    <subfield code="g">Cap&#xED;tulo tercero.</subfield>
    <subfield code="t">El 16 de agosto --</subfield>
    <subfield code="g">Cap&#xED;tulo cuarto.</subfield>
    <subfield code="t">Gobierno provisorio de Salcedo --</subfield>
    <subfield code="g">Cap&#xED;tulo quinto.</subfield>
    <subfield code="t">Campa&#xF1;a de Ban&#xED; --</subfield>
    <subfield code="g">Cap&#xED;tulo sexto.</subfield>
    <subfield code="t">La confinaci&#xF3;n de Luper&#xF3;n a Sabaneta --</subfield>
    <subfield code="g">Cap&#xED;tulo s&#xE9;ptimo.</subfield>
    <subfield code="t">Segunda campa&#xF1;a del Este --</subfield>
    <subfield code="g">Cap&#xED;tulo octavo.</subfield>
    <subfield code="t">Documentos, campa&#xF1;a de Este --</subfield>
    <subfield code="g">Cap&#xED;tulo noveno.</subfield>
    <subfield code="t">Muerte de Salcedo --</subfield>
    <subfield code="g">Cap&#xED;tulo d&#xE9;cimo --</subfield>
    <subfield code="t">Dictadura del gobierno de Polanco --</subfield>
    <subfield code="g">Cap&#xED;tulo und&#xE9;cimo.</subfield>
    <subfield code="t">Un art&#xED;culo del Bolet&#xED;n Oficial --</subfield>
    <subfield code="g">Cap&#xED;tulo duod&#xE9;cimo.</subfield>
    <subfield code="t">La primera reforma reaccionaria --</subfield>
    <subfield code="g">Segunda &#xE9;poca.</subfield>
    <subfield code="g">Cap&#xED;tulo primero.</subfield>
    <subfield code="t">La Segunda Rep&#xFA;blica --</subfield>
    <subfield code="g">Cap&#xED;tulo segundo.</subfield>
    <subfield code="t">Luper&#xF3;n en el destierro --</subfield>
  </datafield>
  <datafield tag="505" ind1="2" ind2=" ">
    <subfield code="g">v.2. Segunda &#xE9;poca. (Continuaci&#xF3;n) --</subfield>
    <subfield code="g">Cap&#xED;tulo tercero.</subfield>
    <subfield code="t">Relaciones con Hait&#xED; --</subfield>
    <subfield code="g">Cap&#xED;tulo cuarto.</subfield>
    <subfield code="t">El Triunvirato en Santo Domingo: su renuncia --</subfield>
    <subfield code="g">Cap&#xED;tulo quinto.</subfield>
    <subfield code="t">El Partido Nacional en el poder --</subfield>
    <subfield code="g">Cap&#xED;tulo sexto.</subfield>
    <subfield code="t">Los baecistas derrocan a Cabral --</subfield>
    <subfield code="g">Tercera &#xE9;poca.</subfield>
    <subfield code="g">Cap&#xED;tulo primero.</subfield>
    <subfield code="t">Contrarrevoluci&#xF3;n de los proscritos --</subfield>
    <subfield code="g">Cap&#xED;tulo segundo.</subfield>
    <subfield code="t">Luper&#xF3;n dirige el Movimiento Nacionalista --</subfield>
    <subfield code="g">Cap&#xED;tulo tercero.</subfield>
    <subfield code="t">Proyectos, intrigas y desavenencias --</subfield>
    <subfield code="g">Cap&#xED;tulo cuarto.</subfield>
    <subfield code="t">Actividades de la causa nacional --</subfield>
    <subfield code="g">Cap&#xED;tulo quinto.</subfield>
    <subfield code="t">Odisea y complicaciones del "Tel&#xE9;grafo" --</subfield>
    <subfield code="g">Cap&#xED;tulo sexto.</subfield>
    <subfield code="t">Agitaciones contra la anexi&#xF3;n a los Estados Unidos --</subfield>
    <subfield code="t">Post scriptum.</subfield>
  </datafield>
  <datafield tag="600" ind1="1" ind2="0">
    <subfield code="a">Luper&#xF3;n, Gregorio,</subfield>
    <subfield code="d">1839-1897</subfield>
    <subfield code="9">888</subfield>
  </datafield>
  <datafield tag="651" ind1=" " ind2="0">
    <subfield code="a">REP&#xDA;BLICA DOMINICANA</subfield>
    <subfield code="x">HISTORIA</subfield>
    <subfield code="y">RESTAURACI&#xD3;N 1863-1865</subfield>
    <subfield code="9">896</subfield>
  </datafield>
  <datafield tag="910" ind1=" " ind2=" ">
    <subfield code="a">Validado. Control de calidad BNPHU</subfield>
  </datafield>
  <datafield tag="942" ind1=" " ind2=" ">
    <subfield code="2">ddc</subfield>
    <subfield code="c">LBS1</subfield>
  </datafield>
  <datafield tag="952" ind1=" " ind2=" ">
    <subfield code="0">0</subfield>
    <subfield code="1">1</subfield>
    <subfield code="5">4</subfield>
    <subfield code="7">0</subfield>
    <subfield code="8">RV</subfield>
    <subfield code="a">GR</subfield>
    <subfield code="b">GR</subfield>
    <subfield code="c">MI</subfield>
    <subfield code="d">2011-07-06</subfield>
    <subfield code="i">LF1</subfield>
    <subfield code="l">0</subfield>
    <subfield code="o">v. 2, e. 3</subfield>
    <subfield code="p">27305-80</subfield>
    <subfield code="r">2020-06-25</subfield>
    <subfield code="w">2020-06-25</subfield>
    <subfield code="y">4</subfield>
    <subfield code="Z">Pr&#xE9;stamo en sala</subfield>
  </datafield>
  <datafield tag="952" ind1=" " ind2=" ">
    <subfield code="0">0</subfield>
    <subfield code="1">0</subfield>
    <subfield code="5">4</subfield>
    <subfield code="7">0</subfield>
    <subfield code="8">RV</subfield>
    <subfield code="a">GR</subfield>
    <subfield code="b">GR</subfield>
    <subfield code="c">HD</subfield>
    <subfield code="d">2011-06-06</subfield>
    <subfield code="i">LF1</subfield>
    <subfield code="l">0</subfield>
    <subfield code="o">972.9304 R696g | v. 1, e. 3</subfield>
    <subfield code="p">27305-30</subfield>
    <subfield code="r">2020-06-25</subfield>
    <subfield code="w">2020-06-25</subfield>
    <subfield code="y">4</subfield>
    <subfield code="z">Perteneci&#xF3; a la biblioteca personal de Federico Henr&#xED;quez y Carvajal.</subfield>
    <subfield code="Z">Pr&#xE9;stamo en sala</subfield>
  </datafield>
  <datafield tag="952" ind1=" " ind2=" ">
    <subfield code="0">0</subfield>
    <subfield code="1">0</subfield>
    <subfield code="5">4</subfield>
    <subfield code="7">0</subfield>
    <subfield code="8">RV</subfield>
    <subfield code="a">GR</subfield>
    <subfield code="b">GR</subfield>
    <subfield code="c">HD</subfield>
    <subfield code="d">2011-06-09</subfield>
    <subfield code="i">LF1</subfield>
    <subfield code="l">0</subfield>
    <subfield code="o">972.9304 R696g | v. 1, e. 4</subfield>
    <subfield code="p">27305-40</subfield>
    <subfield code="r">2020-06-25</subfield>
    <subfield code="w">2020-06-25</subfield>
    <subfield code="y">4</subfield>
    <subfield code="Z">Pr&#xE9;stamo en sala</subfield>
  </datafield>
  <datafield tag="952" ind1=" " ind2=" ">
    <subfield code="0">0</subfield>
    <subfield code="1">0</subfield>
    <subfield code="5">4</subfield>
    <subfield code="7">0</subfield>
    <subfield code="8">RV</subfield>
    <subfield code="a">GR</subfield>
    <subfield code="b">GR</subfield>
    <subfield code="c">HD</subfield>
    <subfield code="d">2011-06-09</subfield>
    <subfield code="i">LF1</subfield>
    <subfield code="l">0</subfield>
    <subfield code="o">972.9304 R696g | v. 1, e. 5</subfield>
    <subfield code="p">27305-50</subfield>
    <subfield code="r">2020-06-25</subfield>
    <subfield code="w">2020-06-25</subfield>
    <subfield code="y">4</subfield>
    <subfield code="Z">Pr&#xE9;stamo en sala</subfield>
  </datafield>
  <datafield tag="952" ind1=" " ind2=" ">
    <subfield code="0">0</subfield>
    <subfield code="1">0</subfield>
    <subfield code="5">0</subfield>
    <subfield code="7">1</subfield>
    <subfield code="8">RV</subfield>
    <subfield code="a">PD</subfield>
    <subfield code="b">PD</subfield>
    <subfield code="c">HD</subfield>
    <subfield code="d">2011-03-31</subfield>
    <subfield code="i">LF1</subfield>
    <subfield code="l">0</subfield>
    <subfield code="o">972.9304 R696g | v. 1</subfield>
    <subfield code="p">27305-10</subfield>
    <subfield code="r">2020-06-25</subfield>
    <subfield code="w">2020-06-25</subfield>
    <subfield code="y">1</subfield>
    <subfield code="z">Perteneci&#xF3; a personal la biblioteca de Mart&#xED;nez Boog.</subfield>
    <subfield code="Z">No se presta</subfield>
  </datafield>
  <datafield tag="952" ind1=" " ind2=" ">
    <subfield code="0">0</subfield>
    <subfield code="1">0</subfield>
    <subfield code="5">0</subfield>
    <subfield code="7">1</subfield>
    <subfield code="8">RV</subfield>
    <subfield code="a">PD</subfield>
    <subfield code="b">PD</subfield>
    <subfield code="c">HD</subfield>
    <subfield code="d">2011-04-04</subfield>
    <subfield code="i">LF1</subfield>
    <subfield code="l">0</subfield>
    <subfield code="o">972.9304 R696g | v. 1, e. 2</subfield>
    <subfield code="p">27305-20</subfield>
    <subfield code="r">2020-06-25</subfield>
    <subfield code="w">2020-06-25</subfield>
    <subfield code="y">1</subfield>
    <subfield code="z">Perteneci&#xF3; a personal la biblioteca de Julio Ortega Frier.</subfield>
    <subfield code="Z">No se presta</subfield>
  </datafield>
  <datafield tag="952" ind1=" " ind2=" ">
    <subfield code="0">0</subfield>
    <subfield code="1">0</subfield>
    <subfield code="5">0</subfield>
    <subfield code="7">1</subfield>
    <subfield code="8">RV</subfield>
    <subfield code="a">PD</subfield>
    <subfield code="b">PD</subfield>
    <subfield code="c">HD</subfield>
    <subfield code="d">2011-06-09</subfield>
    <subfield code="i">LF1</subfield>
    <subfield code="l">0</subfield>
    <subfield code="o">972.9304 R696g | v. 2</subfield>
    <subfield code="p">27305-60</subfield>
    <subfield code="r">2020-06-25</subfield>
    <subfield code="w">2020-06-25</subfield>
    <subfield code="y">1</subfield>
    <subfield code="Z">No se presta</subfield>
  </datafield>
  <datafield tag="952" ind1=" " ind2=" ">
    <subfield code="0">0</subfield>
    <subfield code="1">0</subfield>
    <subfield code="5">0</subfield>
    <subfield code="7">1</subfield>
    <subfield code="8">RV</subfield>
    <subfield code="a">PD</subfield>
    <subfield code="b">PD</subfield>
    <subfield code="c">HD</subfield>
    <subfield code="d">2011-07-06</subfield>
    <subfield code="i">LF1</subfield>
    <subfield code="l">0</subfield>
    <subfield code="o">972.9304 R696g | v. 2, e. 2</subfield>
    <subfield code="p">27305-70</subfield>
    <subfield code="r">2020-06-25</subfield>
    <subfield code="w">2020-06-25</subfield>
    <subfield code="y">1</subfield>
    <subfield code="Z">No se presta</subfield>
  </datafield>
  <datafield tag="999" ind1=" " ind2=" ">
    <subfield code="c">26797</subfield>
    <subfield code="d">26797</subfield>
  </datafield>
</record>
